书目信息 |
| 题名: |
计算机图形图像(Photoshop平台)试题汇编
|
|
| 作者: | ;国家职业技能鉴定委员会计算机专业委员会 编写 | |
| 分册: | ||
| 出版信息: | 北京 北京希望电子出版社 2000.02 |
|
| 页数: | 163页 | |
| 开本: | 26cm | |
| 丛书名: | ||
| 单 册: | ||
| 中图分类: | TP391.41-44 | |
| 科图分类: | ||
| 主题词: | 计算机应用 | |
| 电子资源: | ||
| ISBN: | 7-980021-45-2 | |
| 000 | 00827nam0 2200193 45 | |
| 001 | 0160887133 | |
| 005 | 2001090716544699 | |
| 010 | @a7-980021-45-2@dRMB 35.00 | |
| 100 | @a20010907d2000 km y0chiy0120 ea | |
| 101 | 0 | @achi |
| 102 | @aCN@b110000 | |
| 200 | 1 | @a计算机图形图像(Photoshop平台)试题汇编@AJi Suan Ji Tu Xing Tu Xiang(Photoshop Ping Tai)Shi Ti Hui Bian@f国家职业技能鉴定委员会计算机专业委员会编写@FGuo Jia Zhi Ye Ji Neng Jian Ding Wei Yuan Kuai Ji Suan Ji Zhuan Ye Wei Yuan Hui Bian Xie |
| 210 | @a北京@c北京希望电子出版社@d2000.02 | |
| 215 | @a163页@d26cm | |
| 606 | 0 | @a计算机应用 |
| 690 | @aTP391.41-44@v3 | |
| 711 | 0 | @a国家职业技能鉴定委员会计算机专业委员会@AGuo Jia Zhi Ye Ji Neng Jian Ding Wei Yuan Kuai Ji Suan Ji Zhuan Ye Wei Yuan Hui@4编写 |
| 801 | 0 | @aCN@bPFT@c20010907 |
| 905 | @a安徽大学@dTP391.41-44@eG937 | |
| 计算机图形图像(Photoshop平台)试题汇编/国家职业技能鉴定委员会计算机专业委员会编写.-北京:北京希望电子出版社,2000.02 |
| 163页;26cm |
| ISBN 7-980021-45-2:RMB 35.00 |
| ● |
| 相关链接 |
|
|
|
正题名:计算机图形图像(Photoshop平台)试题汇编
索取号:TP391.41-44/G937
 
预约/预借
| 序号 | 登录号 | 条形码 | 馆藏地/架位号 | 状态 | 备注 |
| 1 | 337842 | 203378424 | 自科库301/301自科库 68排7列5层/ [索取号:TP391.41-44/G937] | 在馆 | |
| 2 | 337843 | 203378433 | 期刊室512/301自科库 68排7列5层/ [索取号:TP391.41-44/G937] | 在馆 |